Lubuskie czy Lubelskie? - Statystyki

Ogólne statystyki
  • Ten quiz został rozwiązany 470 razy
  • Średni wynik to 14 z 15
Statystyki odpowiedzi
Zagadnienie Odpowiedź % Poprawnych
Graniczy z Ukrainą Lubelskie
100%
Graniczy z województwem Dolnośląskim Lubuskie
100%
Graniczy z Niemcami Lubuskie
100%
Posiada Zamość Lubelskie
99%
Jest większe Lubelskie
97%
Posiada dwie Stolice Lubuskie
97%
Tablice rejestracyjne zaczynają się na literę L Lubelskie
96%
Płynie przez nie Odra Lubuskie
96%
Jest bardziej wysunięte na południe Lubelskie
95%
Posiada większą populację Lubelskie
95%
Posiada Pomnik Chrystusa Króla w Świebodzinie Lubuskie
95%
Jest bardziej wysunięte na Północ Lubuskie
94%
W fladze województwa posiada zwierzę Lubelskie
79%
Odbywa się tutaj Bachusowo Lubuskie
77%
Posiada większą gęstość zaludnienia Lubelskie
68%
Nie znaleziono quizów pasujących do podanych kryteriów
Rozkład punktacji
Procent ludzi z każdym wynikiem
Percentyl według liczby udzielonych odpowiedzi
Twoja historia wyników
Nie rozwiązałeś tego quizu